| 000 | 01288cad a22002415a 4500 | ||
|---|---|---|---|
| 001 | L138674 | ||
| 008 | 070703s2007 xxkd f s 000 0 eng d | ||
| 035 | _a(Sirsi) u138674 | ||
| 041 | 0 | _aeng | |
| 050 | 0 | 4 | _a380.1 $2 18 |
| 110 | 2 |
_aRoyal Institution of Chartered Surveyors _94900 |
|
| 245 | 0 | 0 |
_aRICS real estate auction statistics _bfirst quarter 2007 _h[electronic resource] |
| 260 |
_a[S.l.] _bRICS _c2007 |
||
| 490 | 0 |
_aRICS Real Estate Auction Statistics _vFirst Quarter 2007 |
|
| 520 | _aReveals a slowdown in the commercial auction market over the past six months, with 1 038 commercial properties sold at auction in the first quarter of 2007 compared to 1 386 in the third quarter 2006. Interest rate rises are thought to have reduced risk taking behaviour. In terms of residential property, 4 201 properties were sold at auction in the first quarter of 2007, with the greatest activity in northwest England. | ||
| 590 | _aKA | ||
| 650 | 2 | 4 | _aRICS REAL ESTATE AUCTION STATISTICS |
| 651 | 4 |
_aUnited Kingdom _y |
|
| 690 | _aPROPERTY-AUCTIONEERING | ||
| 690 | _aPROPERTY-COMMERCIAL PROPERTY-COMMERCIAL PROPERTY MARKET | ||
| 856 | 4 | 0 |
_uhttps://www.rics.org/RICSWEB/getpage.aspx?p=-JE-RfJqZkaPcbTXLXc3Xw _zView the statistics free of charge at www.rics.org... |
| 942 | _n0 | ||
| 999 |
_c107222 _d107222 |
||